Bienvenue au Catalogue en Ligne des Bibliothèques de l'Universite du Burundi

Transport de l'énergie et localisation des industries (Record no. 54058)

000 -GUIDE
Champ de contrôle de longueur fixe 01004nam a22002657a 4500
003 - IDENTITÉ DU NUMÉRO DE CONTRÔLE
Champ de contrôle BI-BuBU
008 - ÉLÉMENTS DE LONGUEUR FIXE - RENSEIGNEMENTS GÉNÉRAUX
Champ de contrôle de longueur fixe 260622b1966 fr aaaafr|||| 000 0 fre d
037 ## - SOURCE D'ACQUISITION
Numéro d'inventaire 30920
Source d'acquisition et du numéro d'inventaire Fact. AMP. n° 16163 du 7.10.1971 FB 133
039 ## - NIVEAU DE CONTRÔLE BIBLIOGRAPHIQUE ET HISTORIQUE D'ENCODAGE [OBSOLETE]
Date creation 20260622121646.0
Nom catalographe Constance Niyimpa
040 ## - SOURCE DU CATALOGAGE
Organisme qui a effectué le catalogage original BI-BuBU
Code de la langue utilisée dans le catalogage fre
Organisme qui a effectué la transcription BI-BuBU
041 0# - CODE DE LANGUE
Code de langue du texte/de la piste sonore ou du titre distinct fre
080 ## - INDICE DE LA CLASSIFICATION DÉCIMALE UNIVERSELLE (CDU)
Indice de la Classification décimale universelle 658.21
245 00 - MENTION DU TITRE
Titre Transport de l'énergie et localisation des industries
Mention de responsabilité, etc. par R. A. Ransom, R. Pelissier, J. Wagner, ...; introd. Y. Mainguy.
260 ## - PUBLICATION, DIFFUSION, ETC. (ADRESSE BIBLIOGRAPHIQUE)
Lieu de publication, diffusion, etc. Paris
Nom de l'éditeur, diffuseur, etc. Mouton
Date of publication, distribution, etc 1966
300 ## - DESCRIPTION MATÉRIELLE
Collation 108 p.
Dimensions ill., couv.ill.en coul.
Matériel d'accompagnement 23 cm.
440 #0 - MENTION DE COLLECTION / VEDETTE SECONDAIRE DE TITRE
Titre Essais et travaux de l'Université de Grenoble
Nom de la partie/section du document Recherche économique et sociale
Numéro de volume et/ou désignation d'ordre séquentiel Cahier n° 4
650 #7 - VEDETTE-MATIÈRE - NOM COMMUN
Source du terme BI-BuBU
Vedette de sujet ou vedette comportant un nom géographique Industrie
Subdivision générale Localisation : Energie
-- Transport
650 #7 - VEDETTE-MATIÈRE - NOM COMMUN
Source du terme BI-BuBU
Vedette de sujet ou vedette comportant un nom géographique Energie
Subdivision générale Transport : Industrie
-- Localisation
655 #7 - TERME D'INDEXATION - GENRE OU FORME
Source du terme BI-BuBU
Données ou terme dominant sur le genre ou la forme Book
700 1# - VEDETTE SECONDAIRE - NOM DE PERSONNE
Code de relation aut.
Nom d'auteur Ransom, R. A.
700 1# - VEDETTE SECONDAIRE - NOM DE PERSONNE
Code de relation aut.
Nom d'auteur Pelissier, R.
700 1# - VEDETTE SECONDAIRE - NOM DE PERSONNE
Code de relation aut.
Nom d'auteur Wagner, J.
700 1# - VEDETTE SECONDAIRE - NOM DE PERSONNE
Code de relation Collab.
Nom d'auteur Mainguy, Y.
942 ## - ÉLÉMENTS D'ENTRÉE ADDITIONNELLE (KOHA)
Source de la classification ou du système de rangement
Type d item koha BOOK
Holdings
Statut de retrait Statut de perte Source de la classification ou du système de rangement Statut de déterioration Exclu du prêt Numéro d item Koha Localisation permanente Localisation actuelle Date d'acquisition Source d'acquisition Nombre de prêts Cote Code-barres Date last seen Prix / coût de remplacement Prix en vigueur à partir du Type d item koha Numero d'inventaire
          85922 Bibliothèque de la Faculté des Sciences Économiques et Administratives Bibliothèque de la Faculté des Sciences Économiques et Administratives 22/06/2026 Achat   658.21 TRA. E 5010000692025 22/06/2026 0.00 22/06/2026 BOOK 30920
© 2019-2026 - Bibliothèques de l'Université du Burundi |Tous droits réservés
home | Pour toute information urgente Contactez nous | tel whatsupp: +25779204313